The Outlast Trials Items - Statistics

General Stats
  • This quiz has been taken 93 times
    32 since last reset
  • The average score is 21 of 57
Answer Stats
Hint Answer % Correct
Found in all trials Large Battery
85%
Found in all trials Small Battery
85%
Found in all trials Bottle
75%
Found in all trials Brick
75%
Found in Spread the Disease STD Bottle
75%
Found in all trials Large Medicine
70%
Found in all trials Small Medicine
70%
Found in all trials Adrenaline
65%
Found in all trials Lockpick
65%
Found in all trials Antidote
60%
Found in secret rooms Master Key
60%
Found in Despoil the Auction Bear Key
55%
Found in Feed the Children Bleach
55%
Found in Grind the Bad Apples and Drill the Futterman Heart
55%
Found in Despoil the Auction Owl Key
55%
Found in Despoil the Auction Wolf Key
55%
Found in all trials Rig Recharger
50%
Found in secret rooms Stamina Booster
50%
Found in all trials Bandages
45%
Found in secret rooms Battery Booster
45%
Found in all trials Evidence
45%
Found in secret rooms Health Booster
45%
Found in Kill the Snitch and Reagent Release Protocol Key
45%
Found in Despoil the Auction Stag Key
45%
Found in Vindicate the Guilty and Tilt the Scales of Justice Head
40%
Found in all trials Propaganda Poster
40%
Found in Despoil the Auction Portable Blacklight
35%
Found in Despoil the Auction Ruby
35%
Found in Despoil the Auction Sapphire
35%
Found in all trials with at least one other player Syringe
35%
Found in Cleanse the Orphans and Reagent Release Protocol Film Reel
30%
Found in Winter Kills Event Gift
30%
Found in Vindicate the Guilty and Escape the Courthouse Microwave Trigger
30%
Found in Cook the Informant Unstable Microwave Trigger
30%
Found in Despoil the Auction Emerald
25%
Found in Mansion Tutorial and Reagent Release Protocol Evidence Box
25%
Found in Pervert the Futterman and Crush the Sex Toys Heavy Box
25%
Found in Pleasure the Prosecutor Kinky Mannequin
25%
Found in Toxic Shock Event Rat
25%
Found in Pleasure the Prosecutor and Kidnap the Mistress Sadist Mannequin
25%
Found in Vindicate the Guilty and Escape the Courthouse Tracker
25%
Found in Punish the Miscreants and Gather the Children of God Child
20%
Found in all trials Respawn Pills
20%
Found in Grind the Bad Apples and Redeem your Freedom Ticket
20%
Found in Despoil the Auction Crank
15%
Found in Poison the Medicine and Empty the Vault Decoder
15%
Found in Health Sickness Health Sickness Pills
15%
Found in Program Geister Organ Sample
15%
Found in all Countdown trials on at least Standard difficulty Time Extender
15%
Found in Deep Burn Event Water Can
15%
Found in Poison the Medicine and Traffick the Product Drug Package
10%
Found in Poison the Medicine and Stash the Contraband Drug Packet
10%
Found in Vindicate the Guilty and Destroy the Evidence Acid Bucket
5%
Found in Kill the Snitch and Cleanse the Orphans Gasoline Canister
5%
Found in Traffick the Product Money Briefcase
5%
Found in Poison the Medicine and Poison the Cattle Poison Canister
5%
Found in Under Surveillance Event Schematic
5%
No matching quizzes found
Score Distribution
Percent of People with Each Score
Percentile by Number Answered
Your Score History
You have not taken this quiz since the last reset